000 00378nam a2200145 a 4500
005 20140412111409.0
008 070705s19uu xx 00 eng d
020 _a0-307-98782-5
050 _aER
_bBa23 2001
100 _aMuldrow, Diane
245 _aBarbie :
_bRapunzel /
_cDiane Muldrow.
260 _aNew York :
_bGolden books,
_c2001.
440 _aBarbie
999 _c105620
_d105620